[Event "EU-ch U18 Girls 17th"]
[Site "Sibenik"]
[Date "2007.09.19"]
[Round "6"]
[White "Mader, Manuela"]
[Black "Yelmarova, Natavan"]
[Result "1-0"]
[WhiteElo "2204"]
[BlackElo "1850"]
[PlyCount "65"]
[EventDate "2007.09.14"]
[EventType "swiss"]
[EventRounds "9"]
[EventCountry "CRO"]
[SourceTitle "CBM 120 Extra"]
[Source "ChessBase"]
[SourceDate "2007.11.01"]
[SourceVersion "1"]
[SourceVersionDate "2007.11.01"]
[SourceQuality "1"]

1. e4 c5 2. c3 d5 3. exd5 Qxd5 4. d4 Nf6 5. Nf3 Bg4 6. dxc5 Qxd1+ 7. Kxd1 Bxf3+ 8. gxf3 e6 9. b4 Nc6 10. Bb5 0-0-0+ 11. Ke2 Nd5 12. Bxc6 bxc6 13. a3 Be7 14. c4 Bf6 15. Ra2 Ne7 16. Be3 Nf5 17. Rd2 Nd4+ 18. Bxd4 Bxd4 19. Rhd1 Be5 20. h3 Rxd2+ 21. Nxd2 f5 22. Nb3 Bc7 23. Nd4 Kb7 24. b5 cxb5 25. cxb5 Rd8 26. Rd3 Bf4 27. Nc6 Rxd3 28. Kxd3 Bc1 29. a4 Ba3 30. Kc4 g5 31. Nd8+ Kc8 32. Nxe6 h6 33. a5 1-0

[Event "EU-ch U18 Girls 17th"]
[Site "Sibenik"]
[Date "2007.09.15"]
[Round "2"]
[White "Somova, Nadezda"]
[Black "Yelmarova, Natavan"]
[Result "1-0"]
[WhiteElo "1963"]
[BlackElo "1850"]
[PlyCount "74"]
[EventDate "2007.09.14"]
[EventType "swiss"]
[EventRounds "9"]
[EventCountry "CRO"]
[SourceTitle "CBM 120 Extra"]
[Source "ChessBase"]
[SourceDate "2007.11.01"]
[SourceVersion "1"]
[SourceVersionDate "2007.11.01"]
[SourceQuality "1"]

1. e4 c5 2. Nf3 Nc6 3. Bb5 d6 4. c3 Nf6 5. Qe2 Bd7 6. 0-0 a6 7. Ba4 e5 8. d3 Be7 9. h3 h6 10. Nh2 0-0 11. f4 b5 12. Bd1 exf4 13. Bxf4 Ne5 14. Nd2 Ng6 15. Be3 Qc7 16. Bb3 Rae8 17. Qf2 a5 18. a3 Kh7 19. Nhf3 a4 20. Ba2 Bc6 21. Qg3 c4 22. dxc4 Bxe4 23. cxb5 Bd3 24. b6 Qb7 25. Rf2 Bd8 26. Bd4 Nh5 27. Ng5+ Bxg5 28. Qxd3 Nhf4 29. Qc2 Re2 30. Raf1 Bh4 31. Rxe2 Nxe2+ 32. Kh2 Bg3+ 33. Kh1 Bf4 34. Rf3 Re8 35. Nf1 f5 36. Qxf5 Rf8 37. Qd5 Qb8 1-0

[Event "EU-ch U18 Girls"]
[Site "Herceg Novi"]
[Date "2006.09.18"]
[Round "8"]
[White "Kruljac, Petra"]
[Black "Yelmarova, Natavan"]
[Result "0-1"]
[WhiteElo "2073"]
[BlackElo "1789"]
[PlyCount "44"]
[EventDate "2006.09.10"]
[EventType "swiss"]
[EventRounds "9"]
[EventCountry "MNE"]
[SourceTitle "CBM 114 Extra"]
[Source "ChessBase"]
[SourceDate "2006.11.03"]
[SourceVersion "1"]
[SourceVersionDate "2006.11.03"]
[SourceQuality "1"]

1. d4 Nf6 2. c4 g6 3. Nc3 d5 4. cxd5 Nxd5 5. e4 Nxc3 6. bxc3 Bg7 7. Be3 c5 8. Nf3 Nc6 9. Qd2 cxd4 10. cxd4 0-0 11. Rc1 Bg4 12. d5 Bxf3 13. gxf3 Ne5 14. Be2 Qd7 15. Bd4 Rfc8 16. 0-0 Qh3 17. Rxc8+ Rxc8 18. Qd1 h5 19. Be3 g5 20. Bxg5 Nxf3+ 21. Bxf3 Be5 22. Re1 Bxh2+ 0-1

[Event "EU-ch U18 Girls"]
[Site "Herceg Novi"]
[Date "2006.09.10"]
[Round "1"]
[White "Benmesbah, Natacha"]
[Black "Yelmarova, Natavan"]
[Result "1-0"]
[WhiteElo "2125"]
[BlackElo "1789"]
[PlyCount "83"]
[EventDate "2006.09.10"]
[EventType "swiss"]
[EventRounds "9"]
[EventCountry "MNE"]
[SourceTitle "CBM 114 Extra"]
[Source "ChessBase"]
[SourceDate "2006.11.03"]
[SourceVersion "1"]
[SourceVersionDate "2006.11.03"]
[SourceQuality "1"]

1. e4 c5 2. Nf3 Nc6 3. Bb5 a6 4. Bxc6 bxc6 5. 0-0 d5 6. d3 Bg4 7. Qe2 Qc7 8. Nc3 d4 9. Na4 e5 10. b3 Nf6 11. Ba3 Nd7 12. Rac1 Nb6 13. Nxb6 Qxb6 14. Bb2 h5 15. h3 Qd8 16. c3 Rh6 17. b4 Rb8 18. Rc2 c4 19. cxd4 exd4 20. Bc1 Bxf3 21. Qxf3 cxd3 22. Qxd3 Rg6 23. a3 Qd7 24. e5 Qd5 25. f4 h4 26. Qf3 Qb5 27. f5 Rg3 28. Qe4 Rc3 29. Rxc3 dxc3 30. Qxh4 Rd8 31. e6 Rd3 32. Qh5 Qb7 33. exf7+ Kd8 34. Bg5+ Kc7 35. Qe2 Qb6+ 36. Kh1 Qd4 37. Bf4+ Kb6 38. Qe8 Kb5 39. Qb8+ Ka4 40. Qxf8 c2 41. Qc8 Qxf4 42. Qxc6+ 1-0